[Event "Chessemy Open 2022"]
[Site "Reinstorf"]
[Date "2022.02.02"]
[Round "5.8"]
[White "Kugler, Florian"]
[Black "Skytte, Rasmus"]
[Result "1/2-1/2"]
[WhiteElo "2222"]
[BlackElo "2377"]
[Annotator "TA"]
[PlyCount "26"]
[EventDate "2022.01.29"]
[EventType "swiss"]
[EventCountry "GER"]
[SourceTitle "playchess.com"]
[Source "ChessBase"]
[SourceQuality "1"]

1. d4 d6 2. Nf3 Bg4 3. g3 Bxf3 4. exf3 d5 5. c3 e6 6. Qb3 b6 7. Be3 Nf6 8. a4 a6 9. Nd2 Be7 10. a5 b5 11. Qc2 Nbd7 12. b4 O-O 13. f4 Ng4 1/2-1/2

[Event "Chessemy Open 2022"]
[Site "Reinstorf"]
[Date "2022.02.02"]
[Round "5.9"]
[White "Bracker, Frank"]
[Black "Wronn, Bernd"]
[Result "1-0"]
[WhiteElo "2371"]
[BlackElo "2178"]
[Annotator "TA"]
[PlyCount "73"]
[EventDate "2022.01.29"]
[EventType "swiss"]
[EventCountry "GER"]
[SourceTitle "playchess.com"]
[Source "ChessBase"]
[SourceQuality "1"]

1. e4 c6 2. d4 d5 3. exd5 cxd5 4. Bd3 Nf6 5. c3 Qc7 6. h3 g6 7. Nf3 Bf5 8. Be2 Nc6 9. Na3 a6 10. Nc2 Bg7 11. O-O O-O 12. Ne3 Bd7 13. Re1 Rfe8 14. Bf1 e5 15. dxe5 Nxe5 16. Nxe5 Rxe5 17. Nc2 Ba4 18. Rxe5 Qxe5 19. Be3 Ne4 20. Rc1 Rd8 21. Qd3 Qc7 22. Nd4 Nd6 23. b3 Bd7 24. g4 Nb5 25. Bg2 Nxd4 26. Bxd4 Bb5 27. Qd2 Bc6 28. Rd1 Qe7 29. Bxg7 Kxg7 30. Qd4+ f6 31. c4 Qe2 32. cxd5 Qxa2 33. g5 Rd6 34. gxf6+ Kf7 35. Qe5 Rd7 36. Re1 Kf8 37. Qe8# 1-0

[Event "Chessemy Open 2022"]
[Site "Reinstorf"]
[Date "2022.02.03"]
[Round "5.9"]
[White "Klein, Gernot"]
[Black "Jessen, Bjarne"]
[Result "1/2-1/2"]
[WhiteElo "1862"]
[BlackElo "1547"]
[Annotator "NA"]
[PlyCount "218"]
[EventDate "2022.01.29"]
[EventType "swiss"]
[EventCountry "GER"]
[SourceTitle "playchess.com"]
[Source "ChessBase"]
[SourceQuality "1"]

1. e4 e5 2. Nf3 Nc6 3. Bb5 Nf6 4. d3 Bc5 5. c3 d5 6. Nbd2 dxe4 7. dxe4 O-O 8. O-O Bg4 9. h3 Bh5 10. Qe2 Qe7 11. Re1 Rad8 12. Nf1 Bg6 13. Ng3 a6 14. Ba4 b5 15. Bb3 Nh5 16. Nxh5 Bxh5 17. g4 Bg6 18. Bg5 Qe8 19. Bxd8 Qxd8 20. Rad1 Qe7 21. Rd5 Bb6 22. Red1 Kh8 23. Rd7 Qf6 24. Kg2 Qf4 25. Bc2 h5 26. Qd2 hxg4 27. Qxf4 gxh3+ 28. Kxh3 exf4 29. Kg2 Kg8 30. Nh4 Bh5 31. Nf3 Bxf3+ 32. Kxf3 Ne5+ 33. Kxf4 Nxd7 34. Rxd7 Bxf2 35. Rxc7 Bg1 36. Rd7 Bh2+ 37. Kf3 Bg1 38. Bb3 Bc5 39. Bd5 b4 40. c4 a5 41. Rc7 Bd4 42. b3 Kh7 43. Bxf7 Kh6 44. Kg4 Bf6 45. Kf5 Rd8 46. Bd5 Rf8 47. Kg4 Be5 48. Rc6+ Rf6 49. Rxf6+ gxf6 50. Kf5 Kg7 51. Ke6 Bd4 52. Kd6 Kf8 53. Bc6 Be5+ 54. Ke6 Bd4 55. Bb5 Kg7 56. Kd5 Be5 57. c5 Kf7 58. Kc6 Ke7 59. Kb6 Kd8 60. Kxa5 Bc3 61. Kb6 Bd4 62. Kc6 Kc8 63. Be2 Kb8 64. Bg4 Be5 65. Be6 Bd4 66. Kb6 Be3 67. Kb5 Bd2 68. Kc6 Be3 69. Kd6 Bf4+ 70. Kd7 Be5 71. Bd5 Bf4 72. c6 Be5 73. Bc4 Bf4 74. a3 bxa3 75. b4 Bc7 76. b5 Bb6 77. Ba2 Bc7 78. Ke6 Bd8 79. Kd6 Kc8 80. Be6+ Kb8 81. Kc5 Ka7 82. Kd6 Kb6 83. Kd7 Bc7 84. Ba2 Be5 85. Bb3 Bc7 86. Bc4 Be5 87. Ke6 Kc7 88. Ba2 Kb6 89. Kd7 Bc7 90. Bc4 Be5 91. Ke7 a2 92. Bxa2 Kxb5 93. Kd7 Kb6 94. Bd5 Bc7 95. Bf7 Be5 96. Be8 Bc7 97. Ke7 Be5 98. Kd8 Bc7+ 99. Kd7 Be5 100. Ke6 Kc7 101. Bd7 Ba1 102. Kd5 Bb2 103. Kc4 Ba1 104. Kb3 Be5 105. Be8 Bd4 106. Kc2 Be5 107. Kd3 Ba1 108. Ke3 Bb2 109. Kf4 Bc3 1/2-1/2

[Event "Chessemy Open 2022"]
[Site "Reinstorf"]
[Date "2022.02.02"]
[Round "5.10"]
[White "Budzyn, Matthias"]
[Black "Peist, Juergen"]
[Result "1/2-1/2"]
[WhiteElo "2139"]
[BlackElo "2351"]
[Annotator "TA"]
[PlyCount "121"]
[EventDate "2022.01.29"]
[EventType "swiss"]
[EventCountry "GER"]
[SourceTitle "playchess.com"]
[Source "ChessBase"]
[SourceQuality "1"]

1. e4 c5 2. c3 Nf6 3. e5 Nd5 4. Nf3 e6 5. Bc4 d6 6. d4 cxd4 7. cxd4 Be7 8. O-O O-O 9. Qe2 b6 10. Bd2 Bb7 11. Nc3 Nxc3 12. Bxc3 Nd7 13. Rad1 dxe5 14. Nxe5 Nf6 15. Nxf7 Rxf7 16. Bxe6 Bd5 17. Bxf7+ Kxf7 18. Rfe1 Bd6 19. a3 Qc7 20. h3 Qb7 21. Bb4 Bxb4 22. axb4 Re8 23. Qf1 Rxe1 24. Rxe1 h5 25. f3 Qc7 26. Qe2 Qd6 27. Ra1 Qxb4 28. Rxa7+ Kg8 29. Qe7 Qxe7 30. Rxe7 b5 31. Kf2 b4 32. Kg3 Kh7 33. Kf4 Kg6 34. h4 b3 35. Ra7 Bc4 36. Rb7 Nd5+ 37. Ke5 Ne3 38. Rc7 Bg8 39. Rc6+ Kh7 40. d5 Nxd5 41. Kd4 Nf4 42. g4 Ng2 43. Rc5 Bf7 44. Rc7 Kg8 45. Rc8+ Kh7 46. Rc7 Bg6 47. Rb7 Bc2 48. Rb5 hxg4 49. fxg4 Ne1 50. h5 Nd3 51. Kc3 Nf2 52. g5 Nd1+ 53. Kd4 Nxb2 54. h6 gxh6 55. Rb7+ Kg8 56. gxh6 Nd1 57. h7+ Kh8 58. Kc4 b2 59. Rxb2 Nxb2+ 60. Kc3 Kxh7 61. Kd4 1/2-1/2

[Event "Chessemy Open 2022"]
[Site "Reinstorf"]
[Date "2022.02.03"]
[Round "5.10"]
[White "Hilbenz, Guntram"]
[Black "Neves, Carlos Alberto Brasi"]
[Result "0-1"]
[WhiteElo "1857"]
[BlackElo "1914"]
[Annotator "ChessBase"]
[PlyCount "60"]
[EventDate "2022.01.29"]
[EventType "swiss"]
[EventCountry "GER"]
[SourceTitle "playchess.com"]
[Source "ChessBase"]
[SourceQuality "1"]

1. c4 g6 2. g3 Bg7 3. Bg2 c5 4. Nc3 e6 5. Nf3 Nc6 6. O-O Nge7 7. d4 cxd4 8. Nb5 d5 9. cxd5 Nxd5 10. Nbxd4 Nxd4 11. Nxd4 O-O 12. e4 Nb6 13. Be3 Nc4 14. b3 Nxe3 15. fxe3 Qb6 16. Rc1 Bd7 17. Qd2 Rfd8 18. Qf2 Be8 19. Rfd1 Rd7 20. Bf1 Rad8 21. Be2 a6 22. Nc2 Rxd1+ 23. Rxd1 Bc6 24. Rxd8+ Qxd8 25. Bf3 Qd3 26. Ne1 Qc3 27. Kg2 Bh6 28. Nc2 Qe5 29. h4 Bxe4 30. Bxe4 Qxe4+ 0-1

[Event "Chessemy Open 2022"]
[Site "Reinstorf"]
[Date "2022.02.02"]
[Round "5.11"]
[White "Reichmann, Hendrik"]
[Black "Eilenberg, Jonas"]
[Result "0-1"]
[WhiteElo "2345"]
[BlackElo "2135"]
[Annotator "TA"]
[PlyCount "90"]
[EventDate "2022.01.29"]
[EventType "swiss"]
[EventCountry "GER"]
[SourceTitle "playchess.com"]
[Source "ChessBase"]
[SourceQuality "1"]

1. Nf3 d5 2. c4 e6 3. g3 dxc4 4. Qa4+ Nd7 5. Bg2 a6 6. Qxc4 b5 7. Qc2 Bb7 8. b3 Ngf6 9. Bb2 c5 10. O-O Be7 11. d3 O-O 12. Nbd2 Qb6 13. e4 Rac8 14. Rfe1 Rfd8 15. Rad1 Nb8 16. Ne5 Nfd7 17. Ng4 Nc6 18. h3 Nd4 19. Qb1 h5 20. Ne3 h4 21. Nf3 hxg3 22. fxg3 Nxf3+ 23. Bxf3 Qc7 24. Nf1 Ne5 25. Be2 Nc6 26. Rc1 Qd6 27. Rcd1 Nd4 28. Kh2 Bf6 29. a4 Be5 30. Bc1 Bc6 31. axb5 axb5 32. Be3 Ra8 33. Bf2 Ra3 34. Ne3 Rxb3 35. Qa2 Ra8 36. Qd2 Raa3 37. Ng4 Nxe2 38. Nxe5 Nd4 39. Bxd4 cxd4 40. Qf4 f6 41. Ng6 Qxf4 42. gxf4 Kf7 43. Nh8+ Ke8 44. Rc1 Ra2+ 45. Kh1 Rc3 0-1

[Event "Chessemy Open 2022"]
[Site "Reinstorf"]
[Date "2022.02.03"]
[Round "5.11"]
[White "Klemm, Robert"]
[Black "Rennkamp, David"]
[Result "1-0"]
[WhiteElo "1793"]
[BlackElo "1496"]
[Annotator "NA"]
[PlyCount "91"]
[EventDate "2022.01.29"]
[EventType "swiss"]
[EventCountry "GER"]
[SourceTitle "playchess.com"]
[Source "ChessBase"]
[SourceQuality "1"]

1. d4 d5 2. Nf3 Nf6 3. g3 g6 4. Bg2 Bg7 5. c4 c6 6. O-O O-O 7. Nc3 Nbd7 8. b3 Re8 9. Re1 dxc4 10. bxc4 Nb6 11. Qd3 Bg4 12. Ne5 Be6 13. h3 Nfd7 14. Nxd7 Bxc4 15. Qc2 Qxd7 16. Rd1 Rad8 17. Ba3 Qc7 18. e3 e5 19. d5 c5 20. e4 Ba6 21. Rab1 Bf8 22. Bc1 Nc4 23. Bf1 Rb8 24. a4 Nd6 25. Nb5 Bxb5 26. axb5 b6 27. Be3 Qd7 28. h4 f5 29. Bh3 Qf7 30. f3 h5 31. Rf1 Kh7 32. Kh2 Bh6 33. Bxh6 Kxh6 34. Rf2 f4 35. Qc1 Kh7 36. gxf4 Qxf4+ 37. Qxf4 exf4 38. Bd7 Re7 39. Bc6 Nc4 40. Rg1 Ne5 41. d6 Rf7 42. Rg5 Nd7 43. e5 Nf8 44. Be4 Rg7 45. Rxh5+ Kg8 46. Bd5+ 1-0

[Event "Chessemy Open 2022"]
[Site "Reinstorf"]
[Date "2022.02.02"]
[Round "5.12"]
[White "Himpenmacher, Andy"]
[Black "Baum, Jonasz"]
[Result "0-1"]
[WhiteElo "2191"]
[BlackElo "2287"]
[Annotator "TA"]
[PlyCount "86"]
[EventDate "2022.01.29"]
[EventType "swiss"]
[EventCountry "GER"]
[SourceTitle "playchess.com"]
[Source "ChessBase"]
[SourceQuality "1"]

1. d4 Nf6 2. Nf3 e6 3. Bf4 c5 4. c3 Nc6 5. e3 d5 6. Nbd2 cxd4 7. exd4 Nh5 8. Be3 Bd6 9. Ne5 Nf6 10. f4 Qb6 11. Qb3 Ng8 12. Bd3 Nh6 13. h3 f6 14. Nef3 Qxb3 15. axb3 Nf5 16. Bxf5 exf5 17. b4 Kf7 18. Kf2 b6 19. b5 Na5 20. b4 Nb7 21. Ra3 Bb8 22. c4 Nd6 23. Rc1 Be6 24. c5 Nxb5 25. cxb6 Nxa3 26. b7 Bd6 27. bxa8=Q Rxa8 28. Nb3 Bxb4 29. Rc7+ Be7 30. Na5 Nb5 31. Rb7 Nd6 32. Rc7 Nb5 33. Rb7 Nd6 34. Rc7 Ne8 35. Rb7 Bc8 36. Rb2 Nd6 37. Ne1 Ba6 38. Nc2 Rc8 39. Kg1 Bd8 40. Nb3 Rb8 41. Ra2 Rxb3 42. Rxa6 Bb6 43. Kh2 Rb2 0-1

[Event "Chessemy Open 2022"]
[Site "Reinstorf"]
[Date "2022.02.03"]
[Round "5.12"]
[White "Nautsch, Thomas"]
[Black "Launert, Martin"]
[Result "0-1"]
[WhiteElo "1550"]
[BlackElo "1790"]
[Annotator "NA"]
[PlyCount "144"]
[EventDate "2022.01.29"]
[EventType "swiss"]
[EventCountry "GER"]
[SourceTitle "playchess.com"]
[Source "ChessBase"]
[SourceQuality "1"]

1. b3 e5 2. Bb2 Nc6 3. c4 Nf6 4. Nc3 Bc5 5. e3 O-O 6. d3 d6 7. Be2 a6 8. Nf3 Re8 9. a3 Ne7 10. O-O Ng6 11. d4 exd4 12. Nxd4 Bd7 13. Bf3 Rb8 14. Nd5 Ne5 15. Nc2 Bf5 16. Nxf6+ Qxf6 17. Kh1 Qg6 18. Nd4 Be4 19. Bxe4 Qxe4 20. Qc2 Qh4 21. Nf5 Qh5 22. Ng3 Qg6 23. Qxg6 Nxg6 24. Nf5 f6 25. Bd4 Bxd4 26. Nxd4 Kf7 27. Rac1 Ne5 28. Rfd1 g6 29. h3 Red8 30. g3 Ke7 31. Kg2 c6 32. f4 Nd7 33. Kf3 Nf8 34. f5 c5 35. Ne2 g5 36. Nc3 Nd7 37. Nd5+ Kf7 38. Nc7 Ne5+ 39. Kg2 Rd7 40. Nd5 b5 41. cxb5 axb5 42. Nc3 b4 43. axb4 Rxb4 44. Rb1 Nc6 45. Nd5 Rb8 46. Rdc1 Rdb7 47. Rc3 Na5 48. b4 Nc6 49. Rbc1 Nxb4 50. Nxb4 Rxb4 51. Ra1 Ke7 52. Ra6 R4b6 53. Ra7+ R6b7 54. Ra6 Rb3 55. Ra7+ R8b7 56. Rxb7+ Rxb7 57. e4 Kd7 58. Kf3 h5 59. g4 h4 60. Ke3 Kc6 61. Kd3 d5 62. exd5+ Kxd5 63. Ra3 Rb6 64. Ke3 Rd6 65. Ra4 Rc6 66. Ra8 c4 67. Rd8+ Kc5 68. Rb8 Rd6 69. Rc8+ Kb4 70. Rb8+ Kc3 71. Ra8 Kc2 72. Rc8 c3 0-1

[Event "Chessemy Open 2022"]
[Site "Reinstorf"]
[Date "2022.02.02"]
[Round "5.13"]
[White "Pubantz, Jan"]
[Black "Gressmann, Moritz"]
[Result "1-0"]
[WhiteElo "2286"]
[BlackElo "2114"]
[Annotator "TA"]
[PlyCount "69"]
[EventDate "2022.01.29"]
[EventType "swiss"]
[EventCountry "GER"]
[SourceTitle "playchess.com"]
[Source "ChessBase"]
[SourceQuality "1"]

1. d4 Nf6 2. c4 g6 3. Nc3 d5 4. Nf3 Bg7 5. Qb3 dxc4 6. Qxc4 O-O 7. e4 c6 8. Qb3 e5 9. dxe5 Ng4 10. Be2 Qb6 11. O-O Qxb3 12. axb3 Nxe5 13. Nxe5 Bxe5 14. Be3 Be6 15. f4 Bd6 16. Rfd1 Bb4 17. Bc4 Bg4 18. Ne2 b5 19. Bd3 Nd7 20. h3 Bxe2 21. Bxe2 Nc5 22. Rac1 Nxe4 23. Rxc6 Rfe8 24. Bf3 Ng3 25. Kf2 Nf5 26. Bc5 Bxc5+ 27. Rxc5 Rac8 28. b4 a5 29. Rxc8 Rxc8 30. bxa5 Rc2+ 31. Kg1 Rxb2 32. Ra1 Nd6 33. a6 Nc8 34. a7 Nxa7 35. Rxa7 1-0

[Event "Chessemy Open 2022"]
[Site "Reinstorf"]
[Date "2022.02.02"]
[Round "5.14"]
[White "Koellner, Christof"]
[Black "Schulze, Lara"]
[Result "0-1"]
[WhiteElo "2122"]
[BlackElo "2282"]
[Annotator "TA"]
[PlyCount "106"]
[EventDate "2022.01.29"]
[EventType "swiss"]
[EventCountry "GER"]
[SourceTitle "playchess.com"]
[Source "ChessBase"]
[SourceQuality "1"]

1. d4 e6 2. Nf3 Nf6 3. Bg5 h6 4. Bxf6 Qxf6 5. Nbd2 d6 6. c3 g5 7. h3 Bg7 8. Qc2 Nd7 9. e3 Qe7 10. Bd3 b6 11. O-O-O Bb7 12. Kb1 O-O-O 13. Qa4 Kb8 14. Ba6 Ba8 15. Bb5 Nf6 16. Ne1 Ne4 17. Nxe4 Bxe4+ 18. Nd3 c5 19. f3 Bb7 20. Nc1 Qc7 21. Rd2 Qc8 22. Rhd1 a6 23. Bf1 b5 24. Qa5 Qc7 25. Qxc7+ Kxc7 26. dxc5 dxc5 27. Rxd8 Rxd8 28. Rxd8 Kxd8 29. Kc2 Kc7 30. b3 Kd6 31. Ne2 f5 32. Nc1 e5 33. Nd3 e4 34. Ne1 b4 35. cxb4 cxb4 36. Kd1 Bc3 37. Be2 a5 38. Nc2 Ke5 39. Kc1 f4 40. fxe4 Bxe4 41. Bf1 Bd5 42. exf4+ Kxf4 43. Kd1 Be4 44. g4 Kf3 45. Bb5 Kf2 46. Bd7 Bg2 47. Be8 Bxh3 48. Bh5 Bg2 49. Kc1 Bh3 50. Kd1 Kf3 51. Kc1 Bxg4 52. Bxg4+ Kxg4 53. Ne3+ Kf3 0-1

[Event "Chessemy Open 2022"]
[Site "Reinstorf"]
[Date "2022.02.02"]
[Round "5.15"]
[White "Ewert, Hannes"]
[Black "Monninger, Moritz"]
[Result "1-0"]
[WhiteElo "2274"]
[BlackElo "2064"]
[Annotator "TA"]
[PlyCount "135"]
[EventDate "2022.01.29"]
[EventType "swiss"]
[EventCountry "GER"]
[SourceTitle "playchess.com"]
[Source "ChessBase"]
[SourceQuality "1"]

1. Nf3 Nf6 2. c4 e6 3. g3 d5 4. Bg2 dxc4 5. Na3 Bxa3 6. Qa4+ Nc6 7. Qxa3 Qd6 8. Qc3 O-O 9. Qxc4 e5 10. d3 Be6 11. Qa4 Rfe8 12. O-O Rab8 13. Be3 Ng4 14. Rac1 Nxe3 15. fxe3 Bd5 16. Ng5 f6 17. Bxd5+ Qxd5 18. Rc5 b5 19. Qd1 Qxa2 20. Ne4 Ne7 21. Qa1 Qe6 22. Qxa7 c6 23. Rc2 Ra8 24. Qc5 Ra2 25. Nc3 Ra6 26. e4 Rea8 27. Rcc1 h5 28. h4 Qh3 29. Qe3 Kf7 30. Qf3 Qg4 31. Qxg4 hxg4 32. Nd1 Ra2 33. Rb1 Kg6 34. Ne3 R8a4 35. Nxg4 Rb4 36. Kf2 Rbxb2 37. Rxb2 Rxb2 38. Ra1 b4 39. Ne3 Kf7 40. Nc4 Rb3 41. Ke1 Ke6 42. Kd2 Nc8 43. Ra6 Kd7 44. Kc2 Rc3+ 45. Kb2 Nd6 46. Ra7+ Ke6 47. Nxd6 Kxd6 48. Rxg7 Ra3 49. h5 Ra8 50. h6 c5 51. h7 Rh8 52. Kb3 Kc6 53. Kc4 Kd6 54. g4 Ke6 55. Ra7 Rb8 56. Rb7 Rh8 57. Kxc5 b3 58. Rxb3 Rc8+ 59. Kb4 Rh8 60. Ra3 Kf7 61. Ra7+ Kg6 62. e3 Kg5 63. d4 Kxg4 64. d5 Kf3 65. d6 Kxe4 66. Rg7 Kxe3 67. d7 f5 68. Rg8 1-0

[Event "Chessemy Open 2022"]
[Site "Reinstorf"]
[Date "2022.02.02"]
[Round "5.16"]
[White "Perkampus, Laurin"]
[Black "Niermann, Tristan"]
[Result "1/2-1/2"]
[WhiteElo "2081"]
[BlackElo "2263"]
[Annotator "TA"]
[PlyCount "58"]
[EventDate "2022.01.29"]
[EventType "swiss"]
[EventCountry "GER"]
[SourceTitle "playchess.com"]
[Source "ChessBase"]
[SourceQuality "1"]

1. d4 Nf6 2. c4 g6 3. Nc3 d5 4. cxd5 Nxd5 5. e4 Nxc3 6. bxc3 Bg7 7. Bg5 c5 8. Rc1 O-O 9. Nf3 Bg4 10. d5 Qd6 11. c4 e6 12. Be2 Bxf3 13. Bxf3 exd5 14. cxd5 Nd7 15. O-O b5 16. Be3 Rfe8 17. Qb3 a6 18. Qa3 Bf8 19. Bg4 Rxe4 20. Bxd7 Qxd7 21. Bxc5 Qxd5 22. Bxf8 Rxf8 23. Qxa6 Rg4 24. g3 Ra4 25. Qb6 b4 26. Rb1 Rfa8 27. Rxb4 Rxb4 28. Qxb4 Rxa2 29. Re1 Ra8 1/2-1/2

[Event "Chessemy Open 2022"]
[Site "Reinstorf"]
[Date "2022.02.03"]
[Round "5.16"]
[White "Bauer, Dieter"]
[Black "Skytte, Robert"]
[Result "1-0"]
[WhiteElo "1670"]
[BlackElo "1180"]
[Annotator "NA"]
[PlyCount "51"]
[EventDate "2022.01.29"]
[EventType "swiss"]
[EventCountry "GER"]
[SourceTitle "playchess.com"]
[Source "ChessBase"]
[SourceQuality "1"]

1. c4 c6 2. g3 d5 3. Nf3 Nf6 4. b3 Bf5 5. Bb2 e6 6. Bg2 Bd6 7. O-O O-O 8. d3 h6 9. Nbd2 Nbd7 10. Qc2 Rc8 11. e4 dxe4 12. dxe4 Bh7 13. Rad1 Nc5 14. Ne1 Qc7 15. b4 Ncd7 16. c5 Be5 17. Bc1 Ne8 18. Nc4 Bf6 19. Qe2 e5 20. Qg4 Rd8 21. Bxh6 Kh8 22. Bc1 Be7 23. Nd3 Nef6 24. Qe2 b6 25. cxb6 axb6 26. Bb2 1-0

[Event "Chessemy Open 2022"]
[Site "Reinstorf"]
[Date "2022.02.02"]
[Round "5.17"]
[White "Schwarz, Jochen"]
[Black "Sreyas Payyappat"]
[Result "0-1"]
[WhiteElo "1905"]
[BlackElo "2250"]
[Annotator "TA"]
[PlyCount "44"]
[EventDate "2022.01.29"]
[EventType "swiss"]
[EventCountry "GER"]
[SourceTitle "playchess.com"]
[Source "ChessBase"]
[SourceQuality "1"]

1. c4 c5 2. Nc3 Nc6 3. Nf3 Nf6 4. e3 g6 5. d4 cxd4 6. exd4 d5 7. cxd5 Nxd5 8. Qb3 Nxc3 9. Bc4 e6 10. bxc3 Bg7 11. Ba3 Bf8 12. Bc1 Bg7 13. Ba3 Bd7 14. Be2 Na5 15. Qb2 Qc7 16. O-O O-O-O 17. c4 Bc6 18. Rfd1 Bxf3 19. gxf3 Nc6 20. Rab1 Nxd4 21. Kf1 Rd7 22. Bb4 Qxh2 0-1

[Event "Chessemy Open 2022"]
[Site "Reinstorf"]
[Date "2022.02.03"]
[Round "5.17"]
[White "Back, Andreas"]
[Black "Cordts, Elof"]
[Result "0-1"]
[WhiteElo "1454"]
[BlackElo "1676"]
[Annotator "NA"]
[PlyCount "60"]
[EventDate "2022.01.29"]
[EventType "swiss"]
[EventCountry "GER"]
[SourceTitle "playchess.com"]
[Source "ChessBase"]
[SourceQuality "1"]

1. e4 c5 2. Nf3 d6 3. Nc3 Nf6 4. Bc4 e6 5. d3 a6 6. a3 Be7 7. O-O O-O 8. d4 cxd4 9. Nxd4 Qc7 10. Bd3 Nc6 11. Nf3 b5 12. b4 Bb7 13. Be3 Nxb4 14. axb4 Qxc3 15. Bd2 Qc7 16. Re1 Rac8 17. Rc1 d5 18. exd5 Nxd5 19. Ne5 Bxb4 20. Bxh7+ Kxh7 21. Qh5+ Kg8 22. Bxb4 Nxb4 23. Re3 f5 24. Ng6 f4 25. Rh3 Rf5 26. Qh7+ Kf7 27. Nh8+ Rxh8 28. Qxh8 Qc6 29. f3 Qc5+ 30. Kf1 Qc4+ 0-1

[Event "Chessemy Open 2022"]
[Site "Reinstorf"]
[Date "2022.02.02"]
[Round "5.18"]
[White "Hoffmann, Hendrik"]
[Black "Lau, Felix"]
[Result "1-0"]
[WhiteElo "2245"]
[BlackElo "1927"]
[Annotator "TA"]
[PlyCount "53"]
[EventDate "2022.01.29"]
[EventType "swiss"]
[EventCountry "GER"]
[SourceTitle "playchess.com"]
[Source "ChessBase"]
[SourceQuality "1"]

1. e4 e6 2. d4 d5 3. Nd2 Nc6 4. c3 e5 5. exd5 Qxd5 6. Ngf3 exd4 7. Bc4 Qf5 8. O-O Be6 9. Qa4 O-O-O 10. cxd4 Bd6 11. Bxe6+ Qxe6 12. Nc4 Nge7 13. Re1 Qd5 14. Bd2 Kb8 15. Nxd6 Rxd6 16. Rac1 Rg6 17. Qa3 Nf5 18. Rc5 Qd7 19. d5 Nfd4 20. Nxd4 Nxd4 21. Bf4 Nb5 22. Qd3 Nd6 23. Rec1 Rc8 24. h3 Qa4 25. Qe3 Re8 26. Rxc7 Nc4 27. R7xc4+ 1-0

[Event "Chessemy Open 2022"]
[Site "Reinstorf"]
[Date "2022.02.03"]
[Round "5.18"]
[White "Kewe, Stefan"]
[Black "Rick, Niklas Corvin"]
[Result "1-0"]
[WhiteElo "1814"]
[BlackElo "1490"]
[Annotator "NA"]
[PlyCount "41"]
[EventDate "2022.01.29"]
[EventType "swiss"]
[EventCountry "GER"]
[SourceTitle "playchess.com"]
[Source "ChessBase"]
[SourceQuality "1"]

1. d4 Nf6 2. Nf3 d5 3. c4 e6 4. g3 Be7 5. Bg2 O-O 6. O-O dxc4 7. Ne5 c5 8. e3 cxd4 9. exd4 Qc7 10. Bf4 Bd6 11. Nc3 a6 12. Rc1 Nc6 13. Re1 Bd7 14. Ne4 Nxe4 15. Bxe4 Nxe5 16. dxe5 Bb4 17. Re3 Rad8 18. Qh5 g6 19. Qh6 Be7 20. g4 Rfe8 21. Rh3 1-0

[Event "Chessemy Open 2022"]
[Site "Reinstorf"]
[Date "2022.02.02"]
[Round "5.19"]
[White "Hommer, Jeremy"]
[Black "Poschadel, Andreas Gregor"]
[Result "1-0"]
[WhiteElo "2220"]
[BlackElo "1981"]
[Annotator "TA"]
[PlyCount "65"]
[EventDate "2022.01.29"]
[EventType "swiss"]
[EventCountry "GER"]
[SourceTitle "playchess.com"]
[Source "ChessBase"]
[SourceQuality "1"]

1. e4 c6 2. Nf3 d5 3. d3 g6 4. e5 Bg7 5. d4 c5 6. c3 Nc6 7. Bb5 Bg4 8. O-O f6 9. exf6 Nxf6 10. Nbd2 O-O 11. h3 Bf5 12. dxc5 Qc7 13. Re1 Nd7 14. Nb3 a6 15. Qxd5+ e6 16. Rxe6 Bxe6 17. Qxe6+ Kh8 18. Bxc6 bxc6 19. Be3 Rxf3 20. gxf3 Ne5 21. Nd4 Rf8 22. f4 Nd3 23. Qd6 Qc8 24. Ne6 Rf6 25. Bd4 Rxe6 26. Bxg7+ Kxg7 27. Qxd3 Rf6 28. Rd1 Qb8 29. Qd7+ Kh6 30. b4 Qf8 31. Qd8 Qf7 32. Rd7 Qe6 33. Qe7 1-0

[Event "Chessemy Open 2022"]
[Site "Reinstorf"]
[Date "2022.02.03"]
[Round "5.19"]
[White "Uhlenbrock, Sven"]
[Black "Sayas Payyappat"]
[Result "1-0"]
[WhiteElo "1629"]
[BlackElo "1223"]
[Annotator "NA"]
[PlyCount "83"]
[EventDate "2022.01.29"]
[EventType "swiss"]
[EventCountry "GER"]
[SourceTitle "playchess.com"]
[Source "ChessBase"]
[SourceQuality "1"]

1. d4 e6 2. Bf4 Nf6 3. e3 c5 4. c3 Nc6 5. Nd2 d5 6. Ngf3 cxd4 7. exd4 Bd6 8. Bxd6 Qxd6 9. Bb5 a6 10. Bxc6+ Qxc6 11. Ne5 Qd6 12. O-O O-O 13. Ndf3 b5 14. Nd3 Nd7 15. b4 f6 16. Re1 Re8 17. Nc5 Nxc5 18. bxc5 Qc7 19. Qb3 Bd7 20. Re2 Re7 21. Rae1 Qc6 22. Nd2 Rae8 23. Nf1 e5 24. Ne3 Be6 25. Nc2 Bf7 26. Nb4 Qe6 27. Qa3 Ra7 28. f3 a5 29. dxe5 fxe5 30. Rxe5 Qd7 31. Rxe8+ Bxe8 32. Nc2 Bf7 33. Nd4 b4 34. cxb4 axb4 35. Qxb4 g6 36. a4 Rxa4 37. Qb8+ Kg7 38. Qe5+ Kf8 39. Qh8+ Bg8 40. Ne6+ Kf7 41. Qg7+ Ke8 42. Qf8# 1-0

[Event "Chessemy Open 2022"]
[Site "Reinstorf"]
[Date "2022.02.02"]
[Round "5.20"]
[White "Acarbay, Algi"]
[Black "Redzisz, Michal"]
[Result "0-1"]
[WhiteElo "1992"]
[BlackElo "2261"]
[Annotator "TA"]
[PlyCount "114"]
[EventDate "2022.01.29"]
[EventType "swiss"]
[EventCountry "GER"]
[SourceTitle "playchess.com"]
[Source "ChessBase"]
[SourceQuality "1"]

1. e4 c6 2. c4 d5 3. exd5 cxd5 4. cxd5 Nf6 5. Nc3 g6 6. Qb3 Bg7 7. d4 O-O 8. Be2 Nbd7 9. Nh3 Nb6 10. Nf4 Qd6 11. O-O g5 12. Nd3 h6 13. Nb5 Qd8 14. d6 exd6 15. Qb4 Nfd5 16. Qxd6 Qe8 17. Ne5 f6 18. Bf3 fxe5 19. Bxd5+ Nxd5 20. Qxd5+ Be6 21. Qc5 Rc8 22. Nd6 Rxc5 23. Nxe8 Rxc1 24. Raxc1 Rxe8 25. dxe5 Bxe5 26. b3 Kf7 27. Rfe1 Kf6 28. Rc2 Rd8 29. Rce2 Rd5 30. h3 h5 31. Kh1 Bf5 32. Kg1 Bd7 33. Re3 g4 34. hxg4 hxg4 35. Re4 Kf5 36. R4e2 Bd6 37. Re3 Kf6 38. Re4 Kf5 39. R4e2 Kf6 40. Re4 a6 41. a4 a5 42. Kf1 Bb4 43. Rc1 Bc5 44. Rf4+ Bf5 45. g3 Kg5 46. Kg1 b6 47. Re1 Rd3 48. Kg2 Bd6 49. Rc4 Rxb3 50. Re8 Bc5 51. Rg8+ Kf6 52. Rf4 Bd6 53. Rd4 Ke5 54. Rf4 Rb4 55. Rd8 Bc5 56. Re8+ Kf6 57. Re2 Bd6 0-1

[Event "Chessemy Open 2022"]
[Site "Reinstorf"]
[Date "2022.02.02"]
[Round "5.21"]
[White "Laux, Dominik"]
[Black "Hartmann, Wolfgang"]
[Result "1-0"]
[WhiteElo "2200"]
[BlackElo "1917"]
[Annotator "RC"]
[PlyCount "55"]
[EventDate "2022.01.29"]
[EventType "swiss"]
[EventCountry "GER"]
[SourceTitle "playchess.com"]
[Source "ChessBase"]
[SourceQuality "1"]

1. d4 d5 2. c4 e6 3. Nf3 Nf6 4. Nc3 Be7 5. Bg5 h6 6. Bf4 O-O 7. e3 Bd6 8. Bxd6 Qxd6 9. c5 Qe7 10. b4 c6 11. Be2 Ne4 12. Nxe4 dxe4 13. Nd2 f5 14. Nc4 Nd7 15. Qb3 Kh7 16. O-O e5 17. Rad1 exd4 18. Rxd4 Nf6 19. Nd6 Be6 20. Bc4 Bxc4 21. Qxc4 Ng4 22. Nxe4 Qh4 23. h3 Nxe3 24. fxe3 fxe4 25. Rxe4 Rxf1+ 26. Kxf1 Rf8+ 27. Rf4 g5 28. Qe4+ 1-0